[Event "DEM U18w 2003"]
[Site "Willingen GER"]
[Date "2003.06.10"]
[Round "4"]
[White "Horstmann, Astrid"]
[Black "Bloß, Steffi"]
[Result "1/2-1/2"]
[Termination "normal"]
[Board "6"]
[WhiteElo "1993"]
[BlackElo "1710"]
[PlyCount "72"]
[WhiteFideId "4698584"]
[EventCountry "GER"]
[EventRounds "9"]
[EventType "swiss"]
[EventDate "2003.06.07"]

1. c4 Nf6 2. Nc3 g6 3. g3 Bg7 4. Bg2 O-O 5. d3 c6 6. e4 d6 7. Nge2 e5 8. O-O
Nh5 9. Be3 f5 10. Qd2 Na6 11. Rab1 Nc7 12. b4 Ne6 13. exf5 gxf5 14. f4 Qe8 15.
Kh1 Nc7 16. b5 Nf6 17. bxc6 bxc6 18. Rb3 Ng4 19. Bg1 Rf7 20. Rfb1 Ba6 21. h3
Nf6 22. fxe5 dxe5 23. Re1 Qd7 24. Qe3 e4 25. dxe4 Bxc4 26. Rb4 Bxe2 27. Rxe2
fxe4 28. Nxe4 Nfd5 29. Rd2 Nxe3 30. Rxd7 Rxd7 31. Bxe3 Nd5 32. Rb3 Nxe3 33.
Rxe3 Rd1+ 34. Kh2 Rb8 35. Ra3 Rd7 36. Nc5 Rd2 1/2-1/2

[Event "DEM U18w 2003"]
[Site "Willingen GER"]
[Date "2003.06.10"]
[Round "4"]
[White "Seeger, Franziska"]
[Black "Rath, Alina"]
[Result "1/2-1/2"]
[Termination "normal"]
[Board "7"]
[WhiteElo "2117"]
[BlackElo "1579"]
[PlyCount "125"]
[WhiteFideId "4690982"]
[BlackFideId "24607886"]
[EventCountry "GER"]
[EventRounds "9"]
[EventType "swiss"]
[EventDate "2003.06.07"]

1. e4 c5 2. b3 Nc6 3. f4 d6 4. Bb2 Nf6 5. Nc3 g6 6. Nd5 Bg7 7. Nxf6+ Bxf6 8.
Bxf6 exf6 9. Nf3 d5 10. exd5 Qxd5 11. Bc4 Qe4+ 12. Qe2 Qxe2+ 13. Kxe2 O-O 14.
Kf2 Bf5 15. d3 Nb4 16. Rhc1 Rac8 17. a3 Nc6 18. Re1 a6 19. a4 Nb4 20. Re2 Rb8
21. a5 Rfe8 22. Rae1 Kf8 23. h3 Rxe2+ 24. Rxe2 Re8 25. g4 Rxe2+ 26. Kxe2 Bd7
27. d4 Nxc2 28. dxc5 Bc6 29. Kd2 Na3 30. Be2 Nb5 31. Kd3 Nc7 32. Nd4 Bg2 33. h4
Nd5 34. f5 Nf4+ 35. Ke3 Nxe2 36. Nxe2 Ke7 37. Nf4 Bc6 38. Kd4 Kf8 39. Nd5 Kg7
40. Ne7 Bf3 41. b4 Be2 42. Ke3 Bb5 43. Kd4 Kf8 44. Nc8 Bc6 45. Nd6 Ke7 46. Nc8+
Kf8 47. Na7 Bd7 48. c6 bxc6 49. Kc5 gxf5 50. gxf5 Bxf5 51. Nxc6 Bd3 52. Nd4 Ke7
53. Kc6 f5 54. b5 axb5 55. a6 Be4+ 56. Kc7 f4 57. Nc6+ Bxc6 58. Kxc6 f3 59. a7
f2 60. a8=Q f1=Q 61. Qa7+ Ke6 62. Qe3+ Kf5 63. Qg5+ 1/2-1/2

[Event "DEM U18w 2003"]
[Site "Willingen GER"]
[Date "2003.06.10"]
[Round "4"]
[White "Lobe, Sandra"]
[Black "Blodig, Carolin"]
[Result "0-1"]
[Termination "normal"]
[Board "8"]
[WhiteElo "1473"]
[BlackElo "1946"]
[PlyCount "56"]
[BlackFideId "4692012"]
[EventCountry "GER"]
[EventRounds "9"]
[EventType "swiss"]
[EventDate "2003.06.07"]

1. e4 d5 2. exd5 Qxd5 3. Nc3 Qa5 4. d4 Nf6 5. Bc4 Bg4 6. f3 Bf5 7. Nge2 e6 8.
Bd2 c6 9. Ng3 Bg6 10. h4 Qc7 11. Nge2 Bd6 12. Rh3 h5 13. f4 Bf5 14. Rh1 Bg4 15.
g3 Nbd7 16. Be3 Nb6 17. Bb3 O-O-O 18. Qd3 Bb4 19. Bd2 a6 20. Qe3 c5 21. O-O-O
cxd4 22. Nxd4 Bxd1 23. Rxd1 Ng4 24. Qg1 Bc5 25. Be3 e5 26. Nf5 Nxe3 27. Nxe3
exf4 28. gxf4 Qxf4 0-1

[Event "DEM U18w 2003"]
[Site "Willingen GER"]
[Date "2003.06.10"]
[Round "4"]
[White "Mass, Elvira"]
[Black "Zhang, Fan"]
[Result "1-0"]
[Termination "normal"]
[Board "9"]
[WhiteElo "1733"]
[BlackElo "1896"]
[PlyCount "147"]
[WhiteFideId "4695623"]
[BlackFideId "24609730"]
[EventCountry "GER"]
[EventRounds "9"]
[EventType "swiss"]
[EventDate "2003.06.07"]

1. e4 e6 2. d4 d5 3. e5 c5 4. c3 Qb6 5. Nf3 Bd7 6. a3 Bb5 7. Bd3 Bxd3 8. Qxd3
c4 9. Qc2 Nc6 10. O-O Nh6 11. Be3 Nf5 12. Nbd2 Be7 13. Rab1 O-O 14. g4 Nxe3 15.
fxe3 f6 16. exf6 Rxf6 17. Rf2 Raf8 18. Rbf1 Qc7 19. Rg2 e5 20. e4 exd4 21. exd5
d3 22. Qa4 Nd8 23. b3 Qc5+ 24. Nd4 Rxf1+ 25. Nxf1 Qxd5 26. Ne3 Qe4 27. Qxc4+
Kh8 28. Ndf5 Qxc4 29. Nxc4 Bc5+ 30. Kh1 g6 31. Ng3 Nc6 32. b4 Bf2 33. Ne4 b5
34. Rxf2 Rxf2 35. Nxf2 bxc4 36. Kg2 Ne5 37. Kg3 Kg7 38. Kf4 Kf6 39. h3 Ke6 40.
Ke4 h6 41. a4 Nd7 42. Kd4 Ne5 43. b5 h5 44. gxh5 gxh5 45. a5 Kd6 46. a6 h4 47.
Nd1 d2 48. Nf2 Nd7 49. Ne4+ Kc7 50. Nxd2 Kb6 51. Kxc4 Ne5+ 52. Kd4 Ng6 53. c4
Nf4 54. Nf3 Nxh3 55. Nxh4 Nf4 56. Nf5 Ne6+ 57. Ke5 Nc7 58. Nd4 Ne8 59. Ne6 Ka5
60. Kd5 Kb6 61. Nd4 Nf6+ 62. Ke6 Ne4 63. Nc6 Nc5+ 64. Kd5 Nd7 65. Kd6 Nf6 66.
Nxa7 Kxa7 67. c5 Ne4+ 68. Kd5 Nc3+ 69. Kc6 Ne4 70. b6+ Kxa6 71. b7 Ka7 72. Kc7
Nxc5 73. b8=Q+ Ka6 74. Qb6# 1-0

[Event "DEM U18w 2003"]
[Site "Willingen GER"]
[Date "2003.06.10"]
[Round "4"]
[White "Brethauer, Sarah"]
[Black "Stejskal, Janina Maria"]
[Result "1/2-1/2"]
[Termination "normal"]
[Board "10"]
[WhiteElo "1646"]
[BlackElo "1744"]
[PlyCount "73"]
[WhiteFideId "24605220"]
[BlackFideId "24601942"]
[EventCountry "GER"]
[EventRounds "9"]
[EventType "swiss"]
[EventDate "2003.06.07"]

1. e4 e5 2. Bc4 Nf6 3. d3 c6 4. Bb3 Be7 5. f4 d6 6. Nf3 Nbd7 7. Nc3 O-O 8. a4
Qc7 9. h3 Nc5 10. Ba2 exf4 11. Bxf4 Ne6 12. Bh2 Nh5 13. Qd2 h6 14. g4 Ng5 15.
Nxg5 Bxg5 16. Qf2 Nf6 17. Bf4 Bxf4 18. Qxf4 Be6 19. O-O-O Bxa2 20. Nxa2 b5 21.
axb5 cxb5 22. g5 Rac8 23. Rh2 hxg5 24. Qxg5 Qc5 25. Qg3 b4 26. Rg2 Nh5 27. Qf3
b3 28. Nc3 bxc2 29. Rdg1 Qe5 30. Kxc2 f6 31. Rg4 Rc5 32. Qe3 Ra5 33. d4 Qe8 34.
Qf3 f5 35. Rh4 fxe4 36. Qg2 Qf7 37. Rxe4 1/2-1/2

[Event "DEM U18w 2003"]
[Site "Willingen GER"]
[Date "2003.06.10"]
[Round "4"]
[White "Becker, Natalie"]
[Black "Thiery, Jennifer"]
[Result "1/2-1/2"]
[Termination "normal"]
[Board "11"]
[WhiteElo "1597"]
[BlackElo "1738"]
[PlyCount "102"]
[EventCountry "GER"]
[EventRounds "9"]
[EventType "swiss"]
[EventDate "2003.06.07"]

1. c4 e5 2. g3 c6 3. Bg2 d5 4. b3 dxc4 5. bxc4 Qd4 6. Nc3 Bc5 7. e3 Qxc4 8. Bb2
Bg4 9. Qa4 Qe6 10. Ne4 Be7 11. Nf3 Nd7 12. Qc2 Bf5 13. d3 Bxe4 14. dxe4 Ngf6
15. O-O O-O 16. Rfd1 h6 17. h3 Rfd8 18. a3 c5 19. Rd2 b5 20. Rad1 Rac8 21. Nh4
a6 22. Nf5 Bf8 23. g4 c4 24. Qc3 Kh7 25. Nd6 Rc6 26. Nf5 Rdc8 27. Rc2 R6c7 28.
Qa5 Nc5 29. Ng3 Nd3 30. Bf1 Nxb2 31. Rxb2 Nd7 32. Qc3 Nc5 33. Rc2 Nb3 34. Ra2
Bc5 35. Ne2 Qe7 36. Rd5 f6 37. Qb2 Rd7 38. Nc3 Rcd8 39. Rxd7 Qxd7 40. Nd5 Qd6
41. Be2 Na5 42. Bd1 Nc6 43. Qc1 Ne7 44. Bf3 Qd7 45. Rd2 Qc8 46. Qb2 Nc6 47. Bg2
Qb7 48. Bf1 Bb6 49. Qc2 Na5 50. Rd1 Nb3 51. Kh2 Rc8 1/2-1/2

[Event "DEM U18w 2003"]
[Site "Willingen GER"]
[Date "2003.06.10"]
[Round "4"]
[White "Köditz, Katja"]
[Black "Auburger, Kristin"]
[Result "1/2-1/2"]
[Termination "normal"]
[Board "12"]
[WhiteElo "1681"]
[BlackElo "1728"]
[PlyCount "31"]
[BlackFideId "24620726"]
[EventCountry "GER"]
[EventRounds "9"]
[EventType "swiss"]
[EventDate "2003.06.07"]

1. d4 d5 2. c4 e6 3. Nc3 c6 4. Nf3 Bd6 5. Bd2 Nf6 6. e3 Nbd7 7. Qc2 Qc7 8. c5
Be7 9. Bd3 e5 10. dxe5 Nxe5 11. Nxe5 Qxe5 12. Ne2 h6 13. O-O O-O 14. Bc3 Qc7
15. Bd4 Be6 16. Nf4 1/2-1/2

[Event "DEM U18w 2003"]
[Site "Willingen GER"]
[Date "2003.06.10"]
[Round "4"]
[White "Lunz, Pia"]
[Black "Kopietz, Simone"]
[Result "1/2-1/2"]
[Termination "normal"]
[Board "13"]
[WhiteElo "1593"]
[BlackElo "1477"]
[PlyCount "104"]
[EventCountry "GER"]
[EventRounds "9"]
[EventType "swiss"]
[EventDate "2003.06.07"]

1. d4 d5 2. c4 c6 3. Nc3 Nf6 4. Bg5 e6 5. e3 Nbd7 6. Nf3 Qa5 7. a3 dxc4 8. Bxf6
Nxf6 9. Bxc4 Nd5 10. Qc1 Be7 11. b4 Qd8 12. O-O O-O 13. Ne5 f6 14. Nd3 Kh8 15.
Rd1 b6 16. Ne2 Bb7 17. Nef4 Bc8 18. Qd2 Re8 19. Rac1 Bd7 20. Qe2 Bd6 21. f3
Nxf4 22. exf4 Qc7 23. g3 e5 24. dxe5 fxe5 25. fxe5 Qc8 26. Qb2 Bf8 27. f4 Qb7
28. Qg2 Rac8 29. Re1 Be6 30. Bxe6 Rxe6 31. Nf2 Qa6 32. f5 Ree8 33. Qf3 c5 34.
bxc5 bxc5 35. Nd3 c4 36. Nb4 Qb6+ 37. Kg2 Bxb4 38. axb4 Qxb4 39. Rb1 Qc5 40.
Qc3 Qd5+ 41. Kg1 Qc5+ 42. Kg2 Kg8 43. g4 Rc7 44. f6 gxf6 45. exf6 Rxe1 46. Qxe1
Qc6+ 47. Kg3 Qd6+ 48. Kg2 Qxf6 49. Qe8+ Qf8 50. Qe6+ Qf7 51. Rb8+ Kg7 52. Qe5+
Kg6 1/2-1/2

[Event "DEM U18w 2003"]
[Site "Willingen GER"]
[Date "2003.06.10"]
[Round "4"]
[White "Wald, Elena"]
[Black "Buncke, Johanna"]
[Result "0-1"]
[Termination "normal"]
[Board "14"]
[WhiteElo "1507"]
[BlackElo "1535"]
[PlyCount "124"]
[EventCountry "GER"]
[EventRounds "9"]
[EventType "swiss"]
[EventDate "2003.06.07"]

1. d4 Nf6 2. Nf3 e6 3. e3 Be7 4. Bd3 d5 5. O-O O-O 6. Nbd2 b6 7. e4 dxe4 8.
Nxe4 Bb7 9. Nxf6+ Bxf6 10. c3 Nc6 11. Re1 Qd6 12. Bg5 Be7 13. Qd2 Bxg5 14. Qxg5
h6 15. Qh5 Qd8 16. Re3 Ne7 17. Nh4 Nd5 18. Rg3 Qf6 19. Qe5 Qxe5 20. dxe5 Rad8
21. Be4 Ba6 22. Bd3 Bxd3 23. Rxd3 Nf4 24. Rxd8 Rxd8 25. g3 Nh3+ 26. Kg2 Ng5 27.
b3 Rd2 28. Nf3 Nxf3 29. Kxf3 Rd3+ 30. Ke4 Rxc3 31. h4 Kf8 32. f3 Ke7 33. h5 f6
34. exf6+ gxf6 35. g4 Rc2 36. f4 Re2+ 37. Kf3 Rd2 38. Ke3 Rd5 39. Rh1 e5 40.
Rh2 Rd4 41. fxe5 Rxg4 42. exf6+ Kxf6 43. Rf2+ Ke6 44. Rc2 c5 45. Rh2 Ke5 46.
Kf3 Rf4+ 47. Ke3 a5 48. Kd3 b5 49. Ke3 a4 50. bxa4 Rxa4 51. Rb2 Ra3+ 52. Kd2 b4
53. Rc2 Kd4 54. Kc1 Rc3 55. Kb2 Rxc2+ 56. Kxc2 c4 57. Kd2 c3+ 58. Kc2 Kc4 59.
Kc1 Kd3 60. Kd1 Ke3 61. Kc2 Kf4 62. a3 bxa3 0-1

[Event "DEM U18w 2003"]
[Site "Willingen GER"]
[Date "2003.06.10"]
[Round "5"]
[White "Czäczine, Anne"]
[Black "Schöne, Maria"]
[Result "1-0"]
[Termination "normal"]
[Board "1"]
[WhiteElo "2072"]
[BlackElo "2029"]
[PlyCount "69"]
[WhiteFideId "4679326"]
[BlackFideId "4681410"]
[EventCountry "GER"]
[EventRounds "9"]
[EventType "swiss"]
[EventDate "2003.06.07"]

1. e4 c5 2. Nf3 d6 3. d4 cxd4 4. Nxd4 Nf6 5. Nc3 g6 6. Be3 Bg7 7. f3 Nc6 8. Qd2
O-O 9. Bc4 Bd7 10. Bb3 Ne5 11. O-O-O Rc8 12. Kb1 Re8 13. h4 h5 14. Bh6 Rc5 15.
Bxg7 Kxg7 16. Nd5 Nxd5 17. exd5 Qa5 18. Qe3 Nc4 19. Bxc4 Rxc4 20. g4 e5 21. Nb3
Qb6 22. Qxb6 axb6 23. Nd2 Rf4 24. gxh5 gxh5 25. Ne4 Rxf3 26. Nxd6 Re7 27. Rhg1+
Bg4 28. Nc4 f5 29. d6 Re8 30. d7 Rd8 31. Nxe5 Rh3 32. Rd6 Rxh4 33. Re6 Kf8 34.
Re8+ Rxe8 35. Ng6+ 1-0

[Event "DEM U18w 2003"]
[Site "Willingen GER"]
[Date "2003.06.10"]
[Round "5"]
[White "Hofmann, Annett"]
[Black "Vaideslaver, Olga"]
[Result "0-1"]
[Termination "normal"]
[Board "2"]
[WhiteElo "1844"]
[BlackElo "1787"]
[PlyCount "164"]
[WhiteFideId "24603759"]
[EventCountry "GER"]
[EventRounds "9"]
[EventType "swiss"]
[EventDate "2003.06.07"]

1. e4 g6 2. d4 Bg7 3. Nc3 c6 4. Be3 d5 5. f3 e6 6. Nge2 Nd7 7. Qd2 Nb6 8. b3 a5
9. a4 Ne7 10. g4 dxe4 11. fxe4 f5 12. gxf5 exf5 13. e5 Nbd5 14. h4 Nxe3 15.
Qxe3 Nd5 16. Qg5 Be6 17. O-O-O O-O 18. Rd3 Rc8 19. Bg2 c5 20. Nb5 Qxg5+ 21.
hxg5 Nb4 22. Rd2 Bd5 23. Bxd5+ Nxd5 24. Nd6 Rc7 25. dxc5 Nb4 26. Nf4 Na2+ 27.
Kb1 Nc3+ 28. Kc1 Re7 29. Nd3 Ne4 30. Rg2 Rb8 31. Nc4 Rc7 32. Nxa5 Nxc5 33. Nxc5
Rxc5 34. b4 Rxe5 35. Rgh2 Re4 36. Rh4 f4 37. Nb3 Rxb4 38. a5 Rc8 39. Kd1 Rd8+
40. Kc1 Rd5 41. Rxh7 Rxg5 42. R7h4 Rf5 43. Rd1 Bf6 44. Rh6 g5 45. Rd7 f3 46.
Nd2 Bb2+ 47. Kd1 Bc3 48. Rd8+ Kg7 49. Rhh8 g4 50. Rdg8+ Kf6 51. Rf8+ Ke5 52.
Rxf5+ Kxf5 53. Rf8+ Kg5 54. Nxf3+ gxf3 55. Rxf3 Rd4+ 56. Kc1 Bxa5 57. Kb2 Kg4
58. Rf7 b6 59. Kb3 Rb4+ 60. Ka3 Rf4 61. Ra7 Kf5 62. Kb3 Rf3+ 63. Ka2 Ke5 64.
Rd7 Rc3 65. Kb2 Rc5 66. Kb3 Rd5 67. Rh7 Kd4 68. Rh4+ Kc5 69. Rc4+ Kb5 70. Rc8
Rc5 71. c4+ Ka6 72. Rg8 Kb7 73. Rg6 Be1 74. Re6 Bh4 75. Kb4 Rc6 76. Re4 Bf2 77.
Re7+ Rc7 78. Re6 Bc5+ 79. Ka4 Ka6 80. Re8 Re7 81. Rc8 Re4 82. Ra8+ Kb7 0-1

[Event "DEM U18w 2003"]
[Site "Willingen GER"]
[Date "2003.06.10"]
[Round "5"]
[White "Janotta, Steffi"]
[Black "Häcker, Sonja"]
[Result "1/2-1/2"]
[Termination "normal"]
[Board "3"]
[WhiteElo "1768"]
[BlackElo "2002"]
[PlyCount "79"]
[WhiteFideId "4696344"]
[BlackFideId "4680928"]
[EventCountry "GER"]
[EventRounds "9"]
[EventType "swiss"]
[EventDate "2003.06.07"]

1. e4 c5 2. Nf3 Nc6 3. d4 cxd4 4. Nxd4 Nf6 5. Nc3 d6 6. Be2 e5 7. Nb3 Be6 8.
Bg5 Be7 9. Bxf6 Bxf6 10. Nd5 Bxd5 11. exd5 Nb8 12. Bb5+ Ke7 13. O-O a6 14. Bd3
Re8 15. Re1 Kf8 16. Qh5 h6 17. Nd2 Nd7 18. Ne4 Qe7 19. Re3 Bg5 20. Rh3 Nf6 21.
Nxf6 Bxf6 22. Re1 Bg5 23. Rf3 Kg8 24. Bc4 Rac8 25. Bb3 g6 26. Qh3 Kg7 27. Rc3
f5 28. Rxc8 Rxc8 29. g3 Qc7 30. Qf1 b5 31. a4 Qc5 32. axb5 axb5 33. Ra1 Qb6 34.
Qe1 b4 35. Qe2 e4 36. Qa6 Rb8 37. Qxb6 Rxb6 38. Ra7+ Kg8 39. Bc4 Bf6 40. b3
1/2-1/2

[Event "DEM U18w 2003"]
[Site "Willingen GER"]
[Date "2003.06.10"]
[Round "5"]
[White "Bloß, Steffi"]
[Black "Morgenstern, Petra"]
[Result "1/2-1/2"]
[Termination "normal"]
[Board "4"]
[WhiteElo "1710"]
[BlackElo "2119"]
[PlyCount "101"]
[BlackFideId "4690710"]
[EventCountry "GER"]
[EventRounds "9"]
[EventType "swiss"]
[EventDate "2003.06.07"]

1. d4 c5 2. d5 Nf6 3. c4 e6 4. Nc3 exd5 5. Nxd5 Nxd5 6. Qxd5 Nc6 7. Nf3 d6 8.
Bd2 Be6 9. Qe4 h6 10. e3 Be7 11. Bc3 Bf6 12. Qc2 O-O 13. a3 Re8 14. Bd3 Bg4 15.
Nd2 Nd4 16. Qb1 Rb8 17. h3 Bd7 18. O-O Nc6 19. Qc2 Bxc3 20. Qxc3 Ne5 21. Bc2
Qh4 22. f4 Nc6 23. Ne4 Re6 24. Rad1 Rg6 25. f5 Rg5 26. Nxg5 hxg5 27. Rxd6 Be8
28. f6 g6 29. Rd5 b6 30. e4 g4 31. Rf4 Nd4 32. Rxd4 cxd4 33. Qxd4 Qe1+ 34. Rf1
Qg3 35. hxg4 Qxg4 36. Qe5 Rd8 37. Qc3 Qg5 38. Rd1 Qc5+ 39. Kf1 Rc8 40. Qd4 Qg5
41. b3 Bc6 42. Qd6 Qh5 43. Qf4 Re8 44. Rd6 g5 45. Qf5 Qh1+ 46. Kf2 Qh4+ 47. Kf3
Bb7 48. Qg4 Qh6 49. Qd7 Qf8 50. Qf5 Qh6 51. Qd7 1/2-1/2

[Event "DEM U18w 2003"]
[Site "Willingen GER"]
[Date "2003.06.10"]
[Round "5"]
[White "Blodig, Carolin"]
[Black "Fey, Franziska"]
[Result "0-1"]
[Termination "normal"]
[Board "5"]
[WhiteElo "1946"]
[BlackElo "2045"]
[PlyCount "100"]
[WhiteFideId "4692012"]
[BlackFideId "4672992"]
[EventCountry "GER"]
[EventRounds "9"]
[EventType "swiss"]
[EventDate "2003.06.07"]

1. e4 d5 2. exd5 Qxd5 3. Nc3 Qd6 4. Bc4 Nf6 5. d3 a6 6. Nf3 Bg4 7. h3 Bh5 8.
Bg5 Nc6 9. g4 Bg6 10. Qd2 e5 11. O-O-O O-O-O 12. Rhe1 Be7 13. Qe3 h6 14. Bh4
Rhe8 15. Bg3 Nd7 16. Nd5 Bf6 17. Qd2 Qf8 18. Kb1 Nb6 19. Nxb6+ cxb6 20. Re2 Qc5
21. Rde1 b5 22. Bb3 Nd4 23. Nxd4 Qxd4 24. Qa5 Rd7 25. Rd2 Bd8 26. Qa3 Be7 27.
c3 Qxd3+ 28. Rxd3 Bxd3+ 29. Ka1 Bxa3 30. bxa3 f6 31. a4 bxa4 32. Bxa4 b5 33.
Bb3 Kb7 34. Rd1 Red8 35. Re1 Rc7 36. Kb2 Bc4 37. Bc2 Rd2 38. Kc1 Rcd7 39. a3
Re2 40. Be4+ Kb6 41. Rxe2 Bxe2 42. f4 Bd3 43. Bg2 e4 44. Bf2+ Kc6 45. Kb2 g6
46. Kb3 Bc4+ 47. Kb4 Kd5 48. Ka5 Rd6 49. Bb6 f5 50. Bd4 Be2 0-1

[Event "DEM U18w 2003"]
[Site "Willingen GER"]
[Date "2003.06.10"]
[Round "5"]
[White "Seeger, Franziska"]
[Black "Horstmann, Astrid"]
[Result "1-0"]
[Termination "normal"]
[Board "6"]
[WhiteElo "2117"]
[BlackElo "1993"]
[PlyCount "61"]
[WhiteFideId "4690982"]
[BlackFideId "4698584"]
[EventCountry "GER"]
[EventRounds "9"]
[EventType "swiss"]
[EventDate "2003.06.07"]

1. e4 c5 2. b3 e6 3. e5 Nc6 4. Nf3 d5 5. exd6 Bxd6 6. Bb2 Nf6 7. Na3 Be7 8. Be2
O-O 9. O-O a6 10. Nc4 b5 11. Ne3 Qb6 12. Ne5 Nxe5 13. Bxe5 Rd8 14. Bf3 Bb7 15.
Bxb7 Qxb7 16. Qe2 Qe4 17. Bb2 Rd7 18. d3 Qc6 19. Ng4 Nd5 20. Ne5 Nf4 21. Qg4 h5
22. Qxf4 Bd6 23. Nxc6 Bxf4 24. Ne5 Rd5 25. Nf3 g5 26. Rfd1 g4 27. Nd2 h4 28. g3
hxg3 29. hxg3 Bc7 30. Kg2 Kf8 31. a4 1-0

[Event "DEM U18w 2003"]
[Site "Willingen GER"]
[Date "2003.06.10"]
[Round "5"]
[White "Rath, Alina"]
[Black "Beltz, Franziska"]
[Result "0-1"]
[Termination "normal"]
[Board "7"]
[WhiteElo "1579"]
[BlackElo "2010"]
[PlyCount "66"]
[WhiteFideId "24607886"]
[BlackFideId "4681401"]
[EventCountry "GER"]
[EventRounds "9"]
[EventType "swiss"]
[EventDate "2003.06.07"]

1. c4 c5 2. Nc3 b6 3. Nf3 Bb7 4. g3 Nf6 5. Bg2 e6 6. O-O d6 7. d3 Be7 8. a3 O-O
9. Rb1 d5 10. cxd5 Nxd5 11. d4 Nd7 12. Nxd5 Bxd5 13. Bf4 Rc8 14. dxc5 Bxc5 15.
b4 Be7 16. Re1 Rc3 17. a4 Rc4 18. Qd2 Be4 19. Rbd1 Bxb4 20. Qxd7 Qxd7 21. Rxd7
Bxf3 22. Rb1 Bxe2 23. Rxa7 Bc5 24. Bc7 b5 25. Rb7 Rxa4 26. Bc6 Ra2 27. Rc1 Bc4
28. Bb6 Ba3 29. Rb1 Rb2 30. Rxb2 Bxb2 31. Bc5 Rd8 32. Kg2 h6 33. Bxb5 Bd5+ 0-1

[Event "DEM U18w 2003"]
[Site "Willingen GER"]
[Date "2003.06.10"]
[Round "5"]
[White "Zabarska, Natalia"]
[Black "Mass, Elvira"]
[Result "0-1"]
[Termination "normal"]
[Board "8"]
[WhiteElo "1663"]
[BlackElo "1733"]
[PlyCount "84"]
[WhiteFideId "24608009"]
[BlackFideId "4695623"]
[EventCountry "GER"]
[EventRounds "9"]
[EventType "swiss"]
[EventDate "2003.06.07"]

1. e4 e6 2. d4 d5 3. e5 c5 4. c3 Qb6 5. Nf3 Nc6 6. Bd3 Bd7 7. O-O cxd4 8. cxd4
Nxd4 9. Nxd4 Qxd4 10. Nc3 a6 11. Qe2 Ne7 12. Rd1 Qa7 13. Bf4 Nc6 14. Qg4 Nb4
15. Rac1 Nxd3 16. Rxd3 Rc8 17. Be3 Qb8 18. Bd4 b5 19. b4 Rc4 20. a3 Qxe5 21. h3
h5 22. Qd1 Qc7 23. Re3 Kd8 24. Be5 Qc6 25. Rf3 Be8 26. Qd2 Rg8 27. Qg5+ Be7 28.
Bf6 Bxf6 29. Rxf6 gxf6 30. Qxg8 Rxc3 31. Rxc3 Qxc3 32. Qf8 Kd7 33. Qh6 Qe1+ 34.
Kh2 Qxf2 35. Qc1 e5 36. Qd1 Qf4+ 37. Kh1 d4 38. Qb3 Qf1+ 39. Kh2 Qc4 40. Qf3
Ke6 41. Qa8 Qc6 42. Qb8 d3 0-1

[Event "DEM U18w 2003"]
[Site "Willingen GER"]
[Date "2003.06.10"]
[Round "5"]
[White "Stejskal, Janina Maria"]
[Black "Becker, Natalie"]
[Result "1-0"]
[Termination "normal"]
[Board "9"]
[WhiteElo "1744"]
[BlackElo "1597"]
[PlyCount "35"]
[WhiteFideId "24601942"]
[EventCountry "GER"]
[EventRounds "9"]
[EventType "swiss"]
[EventDate "2003.06.07"]

1. e4 g6 2. d4 Bg7 3. Nc3 d6 4. Be3 Nf6 5. f3 Nbd7 6. Qd2 O-O 7. O-O-O c6 8. h4
b5 9. Bh6 b4 10. Nce2 a5 11. h5 Qc7 12. hxg6 fxg6 13. Bxg7 Kxg7 14. Qh6+ Kf7
15. Nh3 Ke8 16. Ng5 Rh8 17. Qg7 Rf8 18. Nf4 1-0

[Event "DEM U18w 2003"]
[Site "Willingen GER"]
[Date "2003.06.10"]
[Round "5"]
[White "Thiery, Jennifer"]
[Black "Brethauer, Sarah"]
[Result "0-1"]
[Termination "normal"]
[Board "10"]
[WhiteElo "1738"]
[BlackElo "1646"]
[PlyCount "56"]
[BlackFideId "24605220"]
[EventCountry "GER"]
[EventRounds "9"]
[EventType "swiss"]
[EventDate "2003.06.07"]

1. e4 c5 2. Nf3 d6 3. d4 cxd4 4. Nxd4 Nf6 5. Nc3 g6 6. Bc4 Bg7 7. f3 Nc6 8. Be3
O-O 9. Qd2 Bd7 10. O-O-O Ne5 11. Bb3 Qa5 12. h4 Rfc8 13. g4 b5 14. Bh6 Nc4 15.
Bxc4 bxc4 16. Bxg7 Kxg7 17. h5 Rab8 18. hxg6 fxg6 19. Qh6+ Kf7 20. g5 Nh5 21.
Rxh5 gxh5 22. Qxh7+ Kf8 23. g6 Qg5+ 24. Kb1 Qf6 25. Rg1 Qg7 26. Qxh5 Rc5 27.
Qh2 Qxd4 28. g7+ Kf7 0-1

[Event "DEM U18w 2003"]
[Site "Willingen GER"]
[Date "2003.06.10"]
[Round "5"]
[White "Auburger, Kristin"]
[Black "Lobe, Sandra"]
[Result "1-0"]
[Termination "normal"]
[Board "11"]
[WhiteElo "1728"]
[BlackElo "1473"]
[PlyCount "135"]
[WhiteFideId "24620726"]
[EventCountry "GER"]
[EventRounds "9"]
[EventType "swiss"]
[EventDate "2003.06.07"]

1. d4 d6 2. e4 g6 3. Nf3 Bg7 4. Nc3 e6 5. Be3 Ne7 6. Qd2 O-O 7. Bd3 a6 8. O-O
Nd7 9. Rfd1 b6 10. Rac1 Bb7 11. Be2 f5 12. Ng5 Qc8 13. Nxe6 Re8 14. Nxg7 Kxg7
15. Bh6+ Kh8 16. f3 fxe4 17. fxe4 Ng8 18. Bf3 Nxh6 19. Qxh6 Nf6 20. Re1 Qd7 21.
Re2 Re7 22. Rce1 Rae8 23. Qd2 Kg7 24. e5 dxe5 25. Bxb7 exd4 26. Rxe7+ Rxe7 27.
Rxe7+ Qxe7 28. Ne2 c5 29. Bxa6 Ng4 30. h3 Ne3 31. Nc1 Qf6 32. Qf2 Qg5 33. Nd3
Qe7 34. a3 Nd1 35. Qf3 Ne3 36. Qb7 Qxb7 37. Bxb7 Nxc2 38. Ba6 Ne3 39. Ne5 Kh6
40. Be2 Kg5 41. Nd7 c4 42. Ne5 b5 43. Nf3+ Kf4 44. Nxd4 b4 45. axb4 Nd5 46.
Bxc4 Nxb4 47. b3 h6 48. Ne6+ Kf5 49. Kf2 h5 50. Nd4+ Kf6 51. Kg3 g5 52. Be2 Kg6
53. Bc4 Kf6 54. Nf3 Nc2 55. Kf2 Nb4 56. Ke2 Kf5 57. Bf7 h4 58. Ne1 g4 59. hxg4+
Kxg4 60. Be6+ Kg3 61. Bh3 Nc6 62. Kd3 Ne5+ 63. Kd4 Nc6+ 64. Kc5 Nd8 65. b4 Kh2
66. b5 Kh1 67. Nf3 Nc6 68. Nxh4 1-0

[Event "DEM U18w 2003"]
[Site "Willingen GER"]
[Date "2003.06.10"]
[Round "5"]
[White "Zhang, Fan"]
[Black "Köditz, Katja"]
[Result "1-0"]
[Termination "normal"]
[Board "12"]
[WhiteElo "1896"]
[BlackElo "1681"]
[PlyCount "85"]
[WhiteFideId "24609730"]
[EventCountry "GER"]
[EventRounds "9"]
[EventType "swiss"]
[EventDate "2003.06.07"]

1. d4 Nf6 2. Nf3 g6 3. Bf4 Bg7 4. e3 O-O 5. Be2 d6 6. h3 Nfd7 7. c3 e5 8. Bh2
Qe7 9. O-O c6 10. a4 f5 11. Re1 e4 12. Nfd2 d5 13. c4 Nf6 14. Nc3 Be6 15. c5
Ne8 16. b4 Nd7 17. Qc2 g5 18. b5 f4 19. bxc6 bxc6 20. Rab1 a5 21. Rb7 f3 22.
gxf3 exf3 23. Bxf3 Bxh3 24. Bg3 Bxd4 25. Nxd5 Qxc5 26. Qa2 cxd5 27. Bxd5+ Kg7
28. exd4 Qc8 29. Rxd7+ Qxd7 30. Bxa8 h5 31. Qd5 Qg4 32. Re7+ Kh6 33. Qe4 Qd1+
34. Kh2 Bf5 35. Qe1 Qxa4 36. Qe3 Nf6 37. Bf3 Bg4 38. Re5 Rg8 39. Bh4 Nh7 40.
Bxg4 hxg4 41. Re6+ Kh5 42. Ne4 Qc4 43. Ng3+ 1-0

[Event "DEM U18w 2003"]
[Site "Willingen GER"]
[Date "2003.06.10"]
[Round "5"]
[White "Buncke, Johanna"]
[Black "Lunz, Pia"]
[Result "1/2-1/2"]
[Termination "normal"]
[Board "13"]
[WhiteElo "1535"]
[BlackElo "1593"]
[PlyCount "43"]
[EventCountry "GER"]
[EventRounds "9"]
[EventType "swiss"]
[EventDate "2003.06.07"]

1. e4 e6 2. d4 d5 3. exd5 exd5 4. Nf3 Bd6 5. Bd3 Ne7 6. Bg5 f6 7. Be3 Bf5 8.
O-O O-O 9. Nc3 c6 10. Re1 Bxd3 11. Qxd3 Nd7 12. Nd2 Qc7 13. h3 Rae8 14. Ne2 f5
15. Bg5 Nf6 16. Bxf6 Rxf6 17. Nf3 f4 18. Nc3 Qd7 19. Re2 Ng6 20. Rxe8+ Qxe8 21.
Re1 Re6 22. Rxe6 1/2-1/2